Flora nativa de valor ornamental: identificación y propagación, Chile zona centro
Guardat en:
| Autors principals: | , |
|---|---|
| Format: | Llibre |
| Idioma: | espanyol |
| Publicat: |
Santiago
Ojo Largo
2004
Santiago Corporación Jardín Botánico Chagual 2004 |
| Edició: | 2a. ed |
| Matèries: | |
| Etiquetes: |
Afegir etiqueta
Sense etiquetes, Sigues el primer a etiquetar aquest registre!
|
MARC
| LEADER | 00000nam a2200000 a 4500 | ||
|---|---|---|---|
| 001 | UCJ1072 | ||
| 003 | CL-VaPUC | ||
| 008 | 060929e20040000cl |||||||||||||||||spa|d | ||
| 020 | |a 9562994333 | ||
| 082 | 0 | 4 | |a 581.983 |b RIE |2 21 |
| 100 | 0 | |a Riedemann Moellinghoff, María Paulina |e author |9 501606 | |
| 700 | 0 | |a Aldunate Noël, Gustavo Eduardo |e author |9 501607 | |
| 245 | 1 | 0 | |a Flora nativa de valor ornamental: identificación y propagación, Chile zona centro |
| 250 | |a 2a. ed | ||
| 300 | |a 566 p | ||
| 942 | |c BK | ||
| 945 | |d 20060929 00:00:00 |a cmena | ||
| 260 | |a Santiago |b Ojo Largo |c 2004 | ||
| 260 | |a Santiago |b Corporación Jardín Botánico Chagual |c 2004 | ||
| 650 | 0 | |a Flora chilena |9 416577 | |
| 650 | 0 | |a Plantas bulbosas |9 413201 | |
| 650 | 7 | |a PLANTAS TREPADORAS |2 CL-VaPUC |9 501608 | |
| 650 | 0 | |a Plantas ornamentales |9 345450 | |
| 583 | |a last modification |c 20171130 01:42:14 |k Rodrigo Vera | ||
| 999 | |c 317790 |d 317788 | ||